LEADER 01175nam a2200289 i 4500 001 000000171153 003 CaOOAMICUS 005 20080421000000.0 008 080421s2007 it u000 u ita u 013 $a148577 020 $a978-88-16-60292-2 040 $aSeMil$bita 100 1 $aSarabianov, Dmitri V.$0(OLS)http://semarc/name/64020 245 10$aRussia, Europa :$barte e architettura /$cDmitri V. Sarabianov. 250 $a2. Ed. 260 $aMilano :$bJaca Book,$c2007. 300 $a294 p. :$briccamente ill. ;$c31 cm. 650 4$aRussia - Arte.$0(OLS)http://semarc/subject/32591 650 4$aRussia - Architettura.$0(OLS)http://semarc/subject/32592 650 4$aEuropa - Arte.$0(OLS)http://semarc/subject/32593 650 4$aEuropa - Architettura.$0(OLS)http://semarc/subject/32594 850 $aSeMil 852 $aSeMil$W1$xVenegono$y1$m5T XI 18$j122028$B122028$CSeMilBibl$Z2$F133299 $8I 961 $aOmaggio: Altro 996 $6020$a978-88-16-60292-2$9(OLS)http://semarc/number/158251 996 $6245$aRussia, Europa :$barte e architettura$9(OLS)http://semarc/title/244838 996 $6260$aMilano :$bJaca Book$9(OLS)http://semarc/publisher/29781 LEADER 01251nam a2200253 i 4500 001 000000231036 003 CaOOAMICUS 005 20140704000000.0 008 140704s1894 it u000 u ita u 013 $a209939 040 $aSeMil$bita 245 13$aLa Sacra Bibbia /$ctradotti in lingua italiana da Giovanni Diodati. 250 $aNuova edizione accuratamente riscontrata su quella del 1641 e in taluni punti lievemente emendata. 260 $aFirenze :$bTip. Claudiana,$c1894. 300 $a1274 p., 8 c. geogr. ;$c25 cm. 500 $aSegue il testo con proprio front. : Atlante biblico contenente le piu recenti scoperte ..., Londra : stampata da G. Philip e figlio, 1894. 650 4$aBibbia - Traduzioni italiane.$0(OLS)http://semarc/subject/333 650 4$aBibbia - Traduzione Diodati.$0(OLS)http://semarc/subject/29697 700 1 $aDiodati, Giovanni,$d<1576-1649>.$0(OLS)http://semarc/name/4478 700 1 $aLeopardi, Pier Silvestro <1797-1870>.$0(OLS)http://semarc/name/79273 850 $aSeMil 852 $aSeMil$W1$xVenegono$y1$m2W IV 61 FA$j181382$B181382$CSeMilBibl$Z2$F192252 $8I 996 $6245$aLa Sacra Bibbia$9(OLS)http://semarc/title/6535 996 $6260$aFirenze :$bTip. Claudiana$9(OLS)http://semarc/publisher/40401